Päťdesiat rokov vysokoškolskej edukácie cestovného ruchu
Začiatky vzdelávania v cestovnom ruchu v Európe. Vytváranie predpokladov pre začlenenie cestovného ruchu do vysokoškolskej edukácie na VŠE v Bratislave. Štúdium cestovného ruchu na Katedre cestovného ruchu a spoločného stravovania. Vedeckovýskumná činnosť a spolupráca s praxou. Vysokoškolské štúdium...
Guardado en:
| Autor principal: | |
|---|---|
| Formato: | Capítulo de libro |
| Lenguaje: | eslovaco |
| Materias: | |
| Etiquetas: |
Sin Etiquetas, Sea el primero en etiquetar este registro!
|
MARC
| LEADER | 00000naa a2200000 4500 | ||
|---|---|---|---|
| 001 | 0185854 | ||
| 005 | 20231016074739.0 | ||
| 041 | 0 | |a slo | |
| 044 | |a SK | ||
| 245 | 1 | 0 | |a Päťdesiat rokov vysokoškolskej edukácie cestovného ruchu |c Marián Gúčik |
| 520 | |a Začiatky vzdelávania v cestovnom ruchu v Európe. Vytváranie predpokladov pre začlenenie cestovného ruchu do vysokoškolskej edukácie na VŠE v Bratislave. Štúdium cestovného ruchu na Katedre cestovného ruchu a spoločného stravovania. Vedeckovýskumná činnosť a spolupráca s praxou. Vysokoškolské štúdium cestovného ruchu v SR po roku 1990. | ||
| 610 | 2 | 0 | |a vzdelávanie vysokoškolské |
| 610 | 2 | 0 | |a ruch cestovný |
| 610 | 2 | 0 | |a stravovanie spoločné |
| 610 | 2 | 0 | |a univerzity |
| 610 | 2 | 0 | |a školy vysoké |
| 610 | 2 | 0 | |a história |
| 610 | 2 | 0 | |a veda |
| 610 | 2 | 0 | |a výskum |
| 100 | 1 | |a Gúčik, Marián | |